A Quiz About Vampires - Statistics

General Stats
  • This quiz has been taken 25,923 times
    24,929 since last reset
  • The average score is 15 of 21
Answer Stats
Description Answer % Correct
What vampires drink Blood
100%
Food product they can't stand Garlic
97%
Where vampires traditionally sleep In a {coffin}
95%
What a vampire doesn't see when they look into a mirror Reflection
94%
Exposure to this might make a vampire melt, die, or sometimes just sparkle Sunlight
94%
Type of water you might use to ward them off {Holy} water
93%
In some versions of vampire stories, vampires can turn into this animal Bat
89%
Region where Count Dracula lives Transylvania
88%
... which is part of this modern-day country Romania
86%
Book series about a girl named Bella Swan who falls in love with a vampire Twilight
84%
What you can drive into a vampire's heart to kill them Wooden stake
80%
Vampire slayer portrayed by Sarah Michelle Gellar in a 1990s TV show Buffy
70%
The vampire that she falls in love with Edward Cullen
68%
Real-life prince who may have inspired the character of Count Dracula Vlad the Impaler
60%
1922 silent German film featuring Count Orlok, remade in 2024 Nosferatu
59%
Author who wrote the 1897 book "Dracula" Bram Stoker
58%
Book by Anne Rice adopted into a 1994 film starring Brad Pitt and Tom Cruise {Interview} with the Vampire
53%
Comic-book vampire hunter portrayed in film by Wesley Snipes Blade
45%
Singer of the 2023 hit song "Vampire" Olivia Rodrigo
42%
Muppet vampire obsessed with numbers Count von {Count}
36%
1986 video game that featured vampire hunter Simon Belmont Castlevania
27%
No matching quizzes found
Score Distribution
Percent of People with Each Score
Percentile by Number Answered
Your Score History
You have not taken this quiz since the last reset